Vývoj finančného zdravia v podnikoch automobilového priemyslu

Aplikácia teoretických modelov predikcie bankrotu na reálnych údajoch jednotlivých podnikov automobilového priemyslu. Pozornosť je sústredená na podniky, ktoré participujú na slovenskom automobilovom klastri, a to PSA, Volkswagen a Hyundai.

Salvato in:
Dettagli Bibliografici
Autore principale: Slivková, Adela, 1986-
Altri autori: Kravec, Michal, 1986-
Natura: Capitolo di libro
Lingua:slovacco
Soggetti:
Tags: Aggiungi Tag
Nessun Tag, puoi essere il primo ad aggiungerne!!

MARC

LEADER 00000nla a2200000 4500
001 0191817
005 20240610092054.0
041 0 |a slo 
044 |a SK 
245 1 0 |a Vývoj finančného zdravia v podnikoch automobilového priemyslu  |c Adela Slivková, Michal Kravec 
520 |a Aplikácia teoretických modelov predikcie bankrotu na reálnych údajoch jednotlivých podnikov automobilového priemyslu. Pozornosť je sústredená na podniky, ktoré participujú na slovenskom automobilovom klastri, a to PSA, Volkswagen a Hyundai. 
610 2 0 |a vývoj podniku 
610 2 0 |a financie podnikové 
610 2 0 |a bankrot 
610 2 0 |a metódy štatistické viacrozmerné 
610 2 0 |a analýza diskriminačná 
610 2 0 |a modely 
610 2 0 |a prognózy 
100 1 |a Slivková, Adela, 1986- 
700 1 |a Kravec, Michal, 1986-